Θέματα οικονομικής και τουριστικής πολιτικής
Αποθηκεύτηκε σε:
| Κύριος συγγραφέας: | |
|---|---|
| Συγγραφή απο Οργανισμό/Αρχή: | |
| Μορφή: | Βιβλίο |
| Γλώσσα: | Greek |
| Δημοσίευση: |
Αθήνα :
ΙΤΕΠ,
1999
|
| Σειρά: | Ειδικές εκδόσεις ;
; 1 |
| Θέματα: | |
| Ετικέτες: |
Προσθήκη ετικέτας
Δεν υπάρχουν, Καταχωρήστε ετικέτα πρώτοι!
|
MARC
| LEADER | 00000cam a2200000 i 4500 | ||
|---|---|---|---|
| 001 | 1/80294 | ||
| 008 | 990507s1999 gre d | ||
| 035 | |l 10050599 | ||
| 040 | |a GR-MY-UA |b gre |e aacr | ||
| 041 | 0 | |a gre | |
| 082 | 0 | |a 338.4791495 | |
| 100 | 1 | |a Παυλόπουλος, Παναγιώτης Γ., |d 1930-2020. | |
| 245 | 1 | 0 | |a Θέματα οικονομικής και τουριστικής πολιτικής / |c Παναγιώτης Γ. Παυλόπουλος ; Ινστιτούτο Τουριστικών Ερευνών και Προβλέψεων |
| 260 | |a Αθήνα : |b ΙΤΕΠ, |c 1999 | ||
| 300 | |a ix, 157 σ. | ||
| 490 | 1 | |a Ειδικές εκδόσεις |v ; 1 | |
| 650 | 0 | 0 | |a Tourism |z Greece. |
| 710 | 2 | |a Ινστιτούτο Τουριστικών Ερευνών και Προβλέψεων (Ι.Τ.Ε.Π.) | |
| 830 | 0 | |a Ειδικές εκδόσεις ; |v ; 1 | |
| 852 | |a INST |b CHIOS |e 20040129 |h 338.4791495 ΠΑΥ |p 005200012773 |q 005200012773 |t BK |y 0 | ||
| 852 | |a INST |b CHIOS |e 19990507 |h 338.4791495 ΠΑΥ |p 005200014390 |q 005200014390 |t BK |y 0 | ||
| 852 | |a INST |b CHIOS |e 19990507 |h 338.4791495 ΠΑΥ |p 005200014391 |q 005200014391 |t BK |y 0 | ||
| 852 | |a INST |b CHIOS |e 20010821 |h 338.4791495 ΠΑΥ |p 005200021022 |q 005200021022 |t BK |y 0 | ||
| 901 | |a BIBL2-1999-2 | ||
| 901 | |a BIBL2-2001-2 | ||
| 901 | |a BIBL2-2004-1 | ||
| 909 | |a Χ |b 055731 | ||
| 909 | |a Χ |b 107808 | ||
| 909 | |a Χ |b 055732 | ||
| 909 | |a Χ |b 083881 | ||
| 922 | |a 2ΔΩΡ |b 199905 |c ΜΕΤΑΠΤΥΧΙΑΚΟ ΤΟΥΡΙΣΜΟΥ | ||